000 00722nam a2200205Ia 4500
003 GCL
008 140319s9999 xx 000 0 ara d
020 _a542701977
040 _aGCL /
_cGCL
082 0 4 _aق
_b341.420962
_bخ ط
100 1 _aخالد محمد القاضى
245 1 0 _aطابا مصرية: دراسة قانونية لمشاركات التحكيم الدولى /
_cخالد محمد القاضى
250 _aالاولى
260 _aالقاهرة :
_bالهيئة المصرية العامة للكتاب ،
_c1997
300 _a286 ص ؛
_c24 سم
650 0 4 _aالقانون الدولى
650 0 4 _aالحدود الدولية
650 0 4 _aطابا - الحدود
942 _2ddc
_cBK
999 _c51908
_d51908